[Event "Collado Villalba op 39th"]
[Site "Collado Villalba"]
[Date "2022.08.28"]
[Round "9"]
[White "Palomares Cortez, Benjamin"]
[Black "Vaqueiro Vaqueiro, Alejandro"]
[Result "0-1"]
[WhiteElo "1084"]
[BlackElo "1396"]
[PlyCount "66"]
[EventDate "2022.08.20"]
[EventType "swiss"]
[EventRounds "9"]
[EventCountry "ESP"]
[SourceTitle "EXT 2023"]
[Source "ChessBase"]
[SourceDate "2022.10.05"]
[SourceVersion "1"]
[SourceVersionDate "2022.10.05"]
[SourceQuality "1"]

1. e4 c5 2. Nc3 d6 3. Bc4 Nf6 4. f4 Nc6 5. Nf3 Bg4 6. 0-0 e6 7. d3 Be7 8. h3 Bxf3 9. Rxf3 a6 10. a4 0-0 11. f5 Ne5 12. Rg3 Kh8 13. fxe6 Nxc4 14. dxc4 fxe6 15. Bg5 Qe8 16. Bxf6 Rxf6 17. Qe2 Rd8 18. Rd1 Rg6 19. Rxg6 Qxg6 20. e5 Qg3 21. exd6 Bxd6 22. Rd3 Qh2+ 23. Kf2 Rf8+ 24. Rf3 Bg3+ 25. Ke3 Qg1+ 26. Kd2 Bf4+ 27. Rxf4 Rxf4 28. Qh5 Rd4+ 29. Ke2 Qxg2+ 30. Ke3 Qd2+ 31. Kf3 Qf4+ 32. Ke2 Rd2+ 33. Ke1 Qf2# 0-1

[Event "Collado Villalba op 39th"]
[Site "Collado Villalba"]
[Date "2022.08.25"]
[Round "6"]
[White "Palomares Cortez, Benjamin"]
[Black "Malaga Saralegui, Rodrigo"]
[Result "0-1"]
[WhiteElo "1084"]
[BlackElo "1176"]
[PlyCount "80"]
[EventDate "2022.08.20"]
[EventType "swiss"]
[EventRounds "9"]
[EventCountry "ESP"]
[SourceTitle "EXT 2023"]
[Source "ChessBase"]
[SourceDate "2022.10.05"]
[SourceVersion "1"]
[SourceVersionDate "2022.10.05"]
[SourceQuality "1"]

1. e4 e6 2. d4 d5 3. e5 c5 4. c3 Nc6 5. a3 Nh6 6. Bxh6 gxh6 7. Nf3 Qb6 8. b4 c4 9. g3 a5 10. Bg2 axb4 11. cxb4 Bxb4+ 12. Ke2 Ba5 13. Qc2 Nxd4+ 14. Nxd4 Qxd4 15. Nd2 Qxe5+ 16. Ne4 dxe4 17. Qxc4 Bd7 18. Rab1 Rc8 19. Qb3 b5 20. Rhc1 Rxc1 21. Rxc1 Qh5+ 22. f3 exf3+ 23. Bxf3 Qxh2+ 24. Ke3 Qd2+ 25. Ke4 Qxc1 26. g4 Qc4+ 27. Qxc4 bxc4 28. Bd1 f5+ 29. gxf5 exf5+ 30. Kf4 c3 31. a4 Rg8 32. Bh5+ Ke7 33. Bd1 Rc8 34. Bc2 Rc4+ 35. Ke5 Bxa4 36. Bxa4 Rxa4 37. Kxf5 c2 38. Ke5 c1Q 39. Kd5 Qc4+ 40. Ke5 Qe4# 0-1

[Event "Collado Villalba op 39th"]
[Site "Collado Villalba"]
[Date "2022.08.23"]
[Round "4"]
[White "Lopez Villegas, Rodrigo"]
[Black "Palomares Cortez, Benjamin"]
[Result "1-0"]
[WhiteElo "1423"]
[BlackElo "1084"]
[PlyCount "89"]
[EventDate "2022.08.20"]
[EventType "swiss"]
[EventRounds "9"]
[EventCountry "ESP"]
[SourceTitle "EXT 2023"]
[Source "ChessBase"]
[SourceDate "2022.10.05"]
[SourceVersion "1"]
[SourceVersionDate "2022.10.05"]
[SourceQuality "1"]

1. e4 e5 2. Nf3 Nc6 3. d4 Nf6 4. d5 Nd4 5. Nxd4 exd4 6. Qxd4 d6 7. Bb5+ Bd7 8. Qa4 Qe7 9. Bxd7+ Nxd7 10. 0-0 0-0-0 11. Qxa7 Nb6 12. Nc3 h5 13. Be3 g5 14. Bxb6 cxb6 15. Qa8+ Kd7 16. Qxb7+ Ke8 17. Qc6+ Qd7 18. Nb5 Qxc6 19. dxc6 Rc8 20. c7 g4 21. Rad1 Rh6 22. Rfe1 h4 23. e5 Kd7 24. exd6 Bxd6 25. Re4 g3 26. Red4 gxh2+ 27. Kh1 h3 28. Rxd6+ Rxd6 29. Rxd6+ Ke8 30. Rd8+ Rxd8 31. cxd8Q+ Kxd8 32. gxh3 f5 33. Kxh2 f4 34. Kg2 Kd7 35. Kf3 Kc6 36. h4 Kxb5 37. h5 Kc4 38. h6 b5 39. h7 b4 40. h8Q Kb5 41. Ke4 f3 42. Kd4 b3 43. Qb8+ Ka6 44. Kc5 Ka5 45. Qa8# 1-0

[Event "Collado Villalba op 39th"]
[Site "Collado Villalba"]
[Date "2022.08.22"]
[Round "3"]
[White "Palomares Cortez, Benjamin"]
[Black "Garcia Castineira, Ivan"]
[Result "0-1"]
[WhiteElo "1084"]
[BlackElo "1669"]
[PlyCount "72"]
[EventDate "2022.08.20"]
[EventType "swiss"]
[EventRounds "9"]
[EventCountry "ESP"]
[SourceTitle "EXT 2023"]
[Source "ChessBase"]
[SourceDate "2022.10.05"]
[SourceVersion "1"]
[SourceVersionDate "2022.10.05"]
[SourceQuality "1"]

1. e4 c5 2. Nc3 d6 3. Bc4 Nf6 4. f4 Nc6 5. h3 e5 6. f5 Nxe4 7. Bxf7+ Kxf7 8. Nxe4 Qh4+ 9. Nf2 Bxf5 10. Qf3 Qf6 11. Qb3+ Ke8 12. Qxb7 Rc8 13. Nf3 Qe7 14. Qb3 e4 15. Nh2 Nd4 16. Qa4+ Bd7 17. Qc4 Bb5 18. Qc3 h5 19. a4 Ba6 20. b4 Qf6 21. Ra2 cxb4 22. Qe3 d5 23. c3 Bc5 24. cxd4 Bxd4 25. Bb2 Bxb2 26. Rxb2 Qxb2 27. Nd1 Qc2 28. Qxa7 Qc4 29. Qf2 Rf8 30. Qe3 Rc7 31. Nb2 Qc1+ 32. Nd1 Rf6 33. g4 Rcf7 34. g5 Rf2 35. g6 R7f3 36. Qg5 Re2# 0-1

[Event "Collado Villalba op 39th"]
[Site "Collado Villalba"]
[Date "2022.08.20"]
[Round "1"]
[White "Palomares Cortez, Benjamin"]
[Black "Melcon Diez, Enrique"]
[Result "1-0"]
[WhiteElo "1084"]
[BlackElo "1565"]
[PlyCount "51"]
[EventDate "2022.08.20"]
[EventType "swiss"]
[EventRounds "9"]
[EventCountry "ESP"]
[SourceTitle "EXT 2023"]
[Source "ChessBase"]
[SourceDate "2022.10.05"]
[SourceVersion "1"]
[SourceVersionDate "2022.10.05"]
[SourceQuality "1"]

1. e4 c5 2. Nc3 g6 3. Bc4 Bg7 4. f4 Nc6 5. Nf3 e6 6. 0-0 Nge7 7. d3 d5 8. exd5 exd5 9. Bb3 0-0 10. Qe1 Bg4 11. Qh4 Bxf3 12. Rxf3 Nd4 13. Rh3 h6 14. g4 Nxb3 15. axb3 Nc6 16. g5 Nd4 17. Nd1 Nf5 18. Qf2 h5 19. c3 d4 20. c4 Qd7 21. Bd2 Rfe8 22. Qf3 b6 23. Kf1 a5 24. Nf2 Re7 25. Qxa8+ Bf8 26. Qf3 1-0

[Event "Collado Villalba op 38th"]
[Site "Collado Villalba"]
[Date "2021.08.28"]
[Round "8"]
[White "Xia, Yan"]
[Black "Palomares Cortez, Benjamin"]
[Result "1/2-1/2"]
[WhiteElo "1153"]
[BlackElo "1037"]
[PlyCount "57"]
[EventDate "2021.08.21"]
[EventType "swiss"]
[EventRounds "9"]
[EventCountry "ESP"]
[SourceTitle "EXT 2022"]
[Source "ChessBase"]
[SourceDate "2021.10.06"]
[SourceVersion "1"]
[SourceVersionDate "2021.10.06"]
[SourceQuality "1"]

1. e4 e5 2. Nf3 Nc6 3. Nc3 Nf6 4. Bc4 Nxe4 5. 0-0 Nf6 6. d4 e4 7. Re1 d5 8. Bd3 Be7 9. Bb5 exf3 10. Qxf3 0-0 11. Qe3 Re8 12. Qd3 a6 13. Ba4 b5 14. Bb3 Bb4 15. Rxe8+ Qxe8 16. Bg5 Be7 17. Re1 Qd8 18. Bxf6 Bxf6 19. Nxd5 Be7 20. Qe3 Be6 21. Nxe7+ Nxe7 22. Bxe6 fxe6 23. Qxe6+ Kf8 24. Re3 Rb8 25. Rf3+ Ke8 26. Re3 Kf8 27. Rf3+ Ke8 28. Re3 Kf8 29. Rf3+ 1/2-1/2

[Event "Collado Villalba op-B 36th"]
[Site "Collado Villalba"]
[Date "2019.08.30"]
[Round "8"]
[White "Palomares Cortez, Benjamin"]
[Black "Rapaport, Andres Natalio"]
[Result "1-0"]
[WhiteElo "1111"]
[BlackElo "1283"]
[PlyCount "71"]
[EventDate "2019.08.23"]
[EventType "swiss"]
[EventRounds "9"]
[EventCountry "ESP"]
[SourceTitle "CBM 192 Extra"]
[Source "Chessbase"]
[SourceDate "2019.11.06"]
[SourceVersion "1"]
[SourceVersionDate "2019.11.06"]
[SourceQuality "1"]

1. e4 e5 2. Nf3 Nf6 3. Nxe5 d6 4. Nf3 Nxe4 5. Qe2 Be7 6. Qxe4 d5 7. Qd4 0-0 8. Bd3 Bf6 9. Qf4 Qe7+ 10. Be2 Re8 11. 0-0 Qxe2 12. Re1 Qb5 13. Rxe8+ Qxe8 14. Nc3 c6 15. d3 Nd7 16. Bd2 Qd8 17. Re1 Nf8 18. a4 Ne6 19. Qg3 Bd7 20. b4 Qc7 21. b5 Qxg3 22. hxg3 c5 23. Nxd5 Nd4 24. Nxf6+ gxf6 25. Nxd4 cxd4 26. f3 Rc8 27. Rc1 Bf5 28. g4 Bg6 29. f4 f5 30. g5 Kg7 31. a5 h6 32. gxh6+ Kxh6 33. g3 Kh5 34. Kg2 Kh6 35. g4 fxg4 36. f5+ 1-0

[Event "Collado Villalba op-B 36th"]
[Site "Collado Villalba"]
[Date "2019.08.27"]
[Round "5"]
[White "Palomares Cortez, Benjamin"]
[Black "Palomares Cortez, Tabata Sofia"]
[Result "0-1"]
[WhiteElo "1111"]
[BlackElo "1067"]
[PlyCount "44"]
[EventDate "2019.08.23"]
[EventType "swiss"]
[EventRounds "9"]
[EventCountry "ESP"]
[SourceTitle "CBM 192 Extra"]
[Source "Chessbase"]
[SourceDate "2019.11.06"]
[SourceVersion "1"]
[SourceVersionDate "2019.11.06"]
[SourceQuality "1"]

1. e4 e5 2. Nf3 Nc6 3. Bc4 Bc5 4. c3 Nf6 5. d4 exd4 6. cxd4 Bb4+ 7. Bd2 0-0 8. Bxb4 Nxb4 9. Nc3 d5 10. exd5 Nfxd5 11. Nxd5 Nxd5 12. 0-0 a6 13. Re1 b5 14. Bb3 Re8 15. Rxe8+ Qxe8 16. Bxd5 Rb8 17. Qc2 Qd7 18. Re1 h6 19. Be4 g6 20. Ne5 Qe7 21. Nc6 Qe6 22. Bd3 Qxe1+ 0-1

[Event "Collado Villalba op-B 36th"]
[Site "Collado Villalba"]
[Date "2019.08.23"]
[Round "1"]
[White "Palomares Cortez, Benjamin"]
[Black "Fernandez Lopez, Jaime"]
[Result "0-1"]
[WhiteElo "1111"]
[BlackElo "1676"]
[PlyCount "80"]
[EventDate "2019.08.23"]
[EventType "swiss"]
[EventRounds "9"]
[EventCountry "ESP"]
[SourceTitle "CBM 192 Extra"]
[Source "Chessbase"]
[SourceDate "2019.11.06"]
[SourceVersion "1"]
[SourceVersionDate "2019.11.06"]
[SourceQuality "1"]

1. e4 d6 2. d4 Nf6 3. Nc3 g6 4. Bc4 Bg7 5. Nf3 0-0 6. 0-0 Nxe4 7. Re1 Nxc3 8. bxc3 d5 9. Bd3 e6 10. Ba3 Re8 11. Qd2 b6 12. Rad1 Bb7 13. c4 dxc4 14. Bxc4 Bxf3 15. gxf3 c6 16. c3 Nd7 17. f4 Qc7 18. f3 Rad8 19. Bc1 Nf6 20. Qc2 Nd5 21. Bxd5 Rxd5 22. Be3 Red8 23. c4 R5d7 24. Rd2 Bxd4 25. Bxd4 Rxd4 26. Rxd4 Rxd4 27. Rd1 Qxf4 28. Rxd4 Qxd4+ 29. Kf1 a6 30. Ke2 Qf4 31. Qd3 Qxh2+ 32. Ke3 Qe5+ 33. Kf2 b5 34. Qd8+ Kg7 35. cxb5 axb5 36. a3 c5 37. Qc8 Qb2+ 38. Ke3 Qxa3+ 39. Ke4 Qb4+ 40. Ke5 Qd4# 0-1